| LEADER | 00907nam a2200205 i 4500 | ||
|---|---|---|---|
| 003 | GR-PaULI | ||
| 005 | 20211021131512.0 | ||
| 008 | 211021s1991 gr ||||| |||| 00| 0 eng d | ||
| 952 | |0 0 |1 0 |2 ddc |4 0 |6 759_495000000000000_ΠΡΙ |7 0 |9 329657 |a LISP |b LISP |c DON |d 2021-10-21 |e ΓΑΛ |i 144037 |l 0 |o 759.495 ΠΡΙ |p 025000270176 |r 2021-10-21 00:00:00 |t 1 |v 2021.00 |w 2021-10-21 |y BKN | ||
| 999 | |c 184519 |d 184519 | ||
| 040 | |a GR-PaULI |b gre |c GR-PaULI |e AACR2 | ||
| 082 | 0 | 4 | |2 23 |a 759.495 |
| 100 | 1 | |9 188146 |a Πριοβόλου, Βούλα, |d 1946- |e ζωγραφος. | |
| 245 | 1 | 0 | |a Ύπαιθρα - Μνήμες / |c Βούλα Πριοβόλου. |
| 260 | |a [Αθήνα] : |b Gallery, |c 1991. | ||
| 300 | |a [περίπου 20] σ. : |b εικ.; |c 24 εκ. | ||
| 600 | 4 | |9 188146 |a Πριοβόλου, Βούλα, |d 1946- | |
| 650 | 4 | |9 82018 |a Ζωγραφική |x Εκθέσεις |z Ελλάδα | |
| 942 | |2 ddc |c BKN | ||
| 998 | |c ΣΑΤΛΑΝΗΣ |d 2021-10 | ||